Základy stomatologické propedeutiky : učebnice pro lékařské fakulty /

Další autoři: Adam, Miroslav, 1914-1990
Jazyk: Čeština
Vydáno: Praha : Avicenum, 1979
Vydání: 1. vyd.
Témata:
Externí odkaz: Digitalizovaný dokument
Fyzický popis: 296 s.
Knihy
Uloženo v:
LEADER 01479nam a22003372a 4500
001 000157850
003 CZ BrMZK
005 20080721090457.0
007 ta
008 950101s1979 xr f cze d
015 |a cnb000160995 
035 |a (OCoLC)42159910 
040 |a BOA001  |b cze 
080 9 |a 616.31 
245 0 0 |a Základy stomatologické propedeutiky :  |b učebnice pro lékařské fakulty /  |c Miroslav Adam a spol. 
250 |a 1. vyd. 
260 |a Praha :  |b Avicenum,  |c 1979 
300 |a 296 s. 
500 |a V tiráži vročení 1978 
500 |a Dostupné též v digitální podobě v aplikaci Kramerius 
700 1 |a Adam, Miroslav,  |d 1914-1990  |7 jk01010024  |4 aut 
856 4 1 |u http://www.digitalniknihovna.cz/mzk/uuid/uuid:00341350-f90e-11e6-aa6c-005056827e52  |y Digitalizovaný dokument  |x NDK 
910 |a BOA001  |b 3-0799.543 
964 |a Stomatologie - propedeutika - učebnice - školy vysoké 
990 |a BK 
991 |b 200807 
996 6 |b 2619115927  |c 3-0799.543  |l MZK  |r Sklad / do 1 hodiny  |n 0  |w 000157850  |u 000050  |a 1  |e BOA001  |j MZK50  |s P 
996 7 |b 2619203361  |c 3-0799.543  |l MZK  |r Sklad / do 1 hodiny  |n 6  |w 000157850  |u 000030  |a 1  |e BOA001  |j MZK50  |s A 
996 7 |b 2619231510  |c 3-0799.543  |l MZK  |r Sklad / do 1 hodiny  |n 1  |w 000157850  |u 000040  |a 1  |e BOA001  |j MZK50  |s A 
996 7 |b 2619748962  |c 3-0799.543  |l MZK  |r Sklad / do 1 hodiny  |n 3  |w 000157850  |u 000020  |a 1  |e BOA001  |j MZK50  |s A 
996 7 |b 2619951411  |c 3-0799.543  |l MZK  |r Sklad / do 1 hodiny  |n 8  |w 000157850  |u 000010  |a 1  |e BOA001  |j MZK50  |s A